People meet in the re-cycled city : la partecipazione attiva dei cittadini al progetto di recupero, riuso, re-cycle dell'edificato abbandonato e dei paesaggi del rifiuto /
Saved in:
| Other Authors: | |
|---|---|
| Format: | Book |
| Language: | Italian |
| Published: |
Roma :
Aracne,
2014.
|
| Edition: | 1. ed. |
| Series: | Re-cycle Italy ;
09. |
| Subjects: | |
| Tags: |
Add Tag
No Tags, Be the first to tag this record!
|
| LEADER | 01033cam a2200313 a 4500 | ||
|---|---|---|---|
| 001 | 014307643-4 | ||
| 005 | 20150805101213.0 | ||
| 008 | 140917s2014 it a 000 0 ita d | ||
| 020 | |a 9788854874671 : |c 21.00 EUR | ||
| 020 | |a 8854874671 | ||
| 035 | 0 | |a ocn900724530 | |
| 035 | 2 | |a ocn905890138 | |
| 040 | |a ItFiC |c PUL | ||
| 043 | |a e-it--- | ||
| 050 | 0 | 0 | |a HT170 |b .P458 2014 |
| 245 | 0 | 0 | |a People meet in the re-cycled city : |b la partecipazione attiva dei cittadini al progetto di recupero, riuso, re-cycle dell'edificato abbandonato e dei paesaggi del rifiuto / |c a cura di Adriano Paolella. |
| 250 | |a 1. ed. | ||
| 260 | |a Roma : |b Aracne, |c 2014. | ||
| 300 | |a 269 p. : |b ill. (chiefly col.) ; |c 21 cm. | ||
| 490 | 1 | |a Re-cycle Italy ; |v 09 | |
| 546 | |a Texts in Italian. | ||
| 650 | 0 | |a Urban renewal |x Citizen participation. | |
| 650 | 0 | |a Urban renewal |x Citizen participation |z Italy. | |
| 700 | 1 | |a Paolella, Adriano. | |
| 830 | 0 | |a Re-cycle Italy ; |v 09. | |
| 899 | |a 235_439314 | ||
| 988 | |a 20150223 | ||
| 049 | |a HLSS | ||
| 906 | |0 VEN | ||


